• 首页
  • 本馆介绍
  • 公告通知
  • 最新文献
  • 馆藏检索
  • 电子资源
  • 读者导购
  • 参考咨询
  • 我的图书馆
  • 登录
  • 详细信息显示
  • 放入我的书架
  • 预约/预借图书
  • 作者相关作品
  • 分类相关作品
  • 丛书相关作品
  • 出版社相关作品

书目信息

  • 表格格式
  • 工作单格式
  • 卡片格式
题名:
红外热成像测量中的误差与不确定度
    
 
作者: 明基纳 , 科德 著 ;陈世国 , 莫冬腊 , 史径丞 译
分册:  
出版信息: 北京   国防工业出版社  2021.1
页数: 183页
开本: 24cm
丛书名:
单 册:
中图分类: TN216
科图分类:
主题词: 红外成象系统--测量误差 , 红外成象系统--测量--不确定度
电子资源:
ISBN: 978-7-118-12231-2
000 01746nam0 2200337 45
001 012001001042
005 20140912145007.0
010    @a978-7-118-12231-2@dCNY98.00
100    @a20210303d2021 em y0chiy50 ea
101 1  @achi@cpol
102    @aCN@b110000
105    @aak az 000yy
106    @ar
200 1  @a红外热成像测量中的误差与不确定度@Ahong wai re cheng xiang ce liang zhong de wu cha yu bu que ding du@dInfrared thermography: error and uncertainties@f(波)Waldemar Minkina,Sebastian Dudzik著@g陈世国,莫冬腊,史径丞译@zeng
210    @a北京@c国防工业出版社@d2021.1
215    @a183页@c图@d24cm
300    @a并列题名:Infrared thermography : error and uncertainties
314    @a责任者Minkina规范汉译姓:明基纳, 责任者Dudzik规范汉译姓:科德。
320    @a有书目(第178-183页)
330    @a本书共分为6章。第1章向读者介绍误差与不确定度理论。第2章讨论了红外热成像测量的基本问题,如辐射传热的基本定律和发射率等。第3章以FLIR公司的Thema CAM PM 595 LW红外相机为例,介绍了测量路径的典型处理算法以及温度测量的通用模型。需要强调的是,对于其他类型的红外相机和制造商来说,这些研究结果和结论非常相似。第4章讨论了利用经典方法对红外系统进行测量误差分析的问题。在第5章中,描述了利用分布传播的数值方法对红外热像测量不确定度的仿真研究结果。第6章对全书做了总结。
510 1  @aInfrared thermography : error and uncertainties@zeng
606 0  @a红外成象系统@x测量误差
606 0  @a红外成象系统@x测量@x不确定度
690    @aTN216@v5
701  1 @c(波)@a明基纳@Aming ji na@c(Minkina, Waldemar)@4著
701  1 @c(波)@a科德@Ake de@c(Dudzik, Sebastian)@4著
702  0 @a陈世国@Achen shi guo@4译
702  0 @a莫冬腊@Amo dong la@4译
702  0 @a史径丞@Ashi jing cheng@4译
801  0 @aCN@bBJSDL@c20211011
905    @b1332816-9@dTN216@e151@f4
    
    红外热成像测量中的误差与不确定度=Infrared thermography: error and uncertainties/(波)Waldemar Minkina,Sebastian Dudzik著/陈世国,莫冬腊,史径丞译.-北京:国防工业出版社,2021.1
    183页:图;24cm
    并列题名:Infrared thermography : error and uncertainties
    
    ISBN 978-7-118-12231-2:CNY98.00
    本书共分为6章。第1章向读者介绍误差与不确定度理论。第2章讨论了红外热成像测量的基本问题,如辐射传热的基本定律和发射率等。第3章以FLIR公司的Thema CAM PM 595 LW红外相机为例,介绍了测量路径的典型处理算法以及温度测量的通用模型。需要强调的是,对于其他类型的红外相机和制造商来说,这些研究结果和结论非常相似。第4章讨论了利用经典方法对红外系统进行测量误差分析的问题。在第5章中,描述了利用分布传播的数值方法对红外热像测量不确定度的仿真研究结果。第6章对全书做了总结。
●
相关链接 在E读中查询图书 在五车中查询图书 在当当中查询图书 在豆瓣中查询图书


正题名:红外热成像测量中的误差与不确定度     索取号:TN216/151         预约/预借

序号 登录号 条形码 馆藏地/架位号 状态 备注
1 1332816   213328166   第二样本阅览室/ [索取号:TN216/151] 在馆    
2 1332817   213328175   第三借阅区/ [索取号:TN216/151] 在馆    
3 1332818   213328184   第三借阅区/ [索取号:TN216/151] 在馆    
4 1332819   213328193   第三借阅区/ [索取号:TN216/151] 在馆    
唐山师范学院图书馆 欢迎您!
大连网信软件有限公司© 版权所有